Influence diagrams, belief nets, and decision analysis
Saved in:
| Other Authors: | , |
|---|---|
| Format: | Book |
| Language: | English |
| Published: |
Chichester, West Sussex, England ; New York :
Wiley,
c1990
|
| Series: | Wiley series in probability and mathematical statistics. Applied probability and statistics.
|
| Subjects: | |
| Tags: |
Add Tag
No Tags, Be the first to tag this record!
|
MARC
| LEADER | 00000cam a2200000 i 4500 | ||
|---|---|---|---|
| 001 | 1/35953 | ||
| 008 | 941103s1990####enk| ||| |||| ||eng|| | ||
| 020 | |a 0471923818 |c $89.90 | ||
| 035 | |l 10040112 | ||
| 035 | |a 1991 |c ΔΑΡΖΕΝΤΑΣ | ||
| 040 | |a GR-MyUA |b gre |e AACR2 | ||
| 041 | 0 | |a eng | |
| 082 | 0 | |a 003.56 |2 (20) | |
| 245 | 1 | 0 | |a Influence diagrams, belief nets, and decision analysis / |c edited by R.M. Oliver and J.Q. Smith. |
| 260 | |a Chichester, West Sussex, England ; |a New York : |b Wiley, |c c1990 | ||
| 300 | |a xxix, 465 σ. : |b εικ. ; |c 24 εκ. | ||
| 490 | 1 | |a (Wiley series in probability and mathematical statistics. Applied probability and statistics) | |
| 500 | |a Proceedings of the conference ... held at the Engineering Systems Research Center, University of California at Berkeley, USA, 9-11 May 1988 | ||
| 504 | |a Περιέχει βιβλιογραφικές αναφορές και ευρετήριο. | ||
| 650 | 0 | 0 | |a Statistical decision |x Congresses. |
| 700 | 1 | |a Oliver, Robert M. |e edt | |
| 700 | 1 | |a Smith, J. Q., |d 1953- |e edt | |
| 830 | 0 | |a Wiley series in probability and mathematical statistics. |p Applied probability and statistics. | |
| 852 | |a INST |b SAMOS |e 19941103 |h 003.56 INF |p 005300003457 |q 005300003457 |t BK |y 0 | ||
| 909 | |a Σ |b 021768 | ||